| 000 | 01518cam a2200385 a 4500 | ||
|---|---|---|---|
| 001 | EDZ0000064279 | ||
| 003 | StDuBDS | ||
| 005 | 20161031105140.0 | ||
| 006 | m||||||||d|||||||| | ||
| 007 | cr ||||||||||| | ||
| 008 | 120327s2002 enka fo| 001|0|eng d | ||
| 020 |
_a9781446220634 (ebook) : _cNo price |
||
| 040 |
_aStDuBDS _beng _cStDuBDS _epn |
||
| 049 | _aAlfaisal Main Library | ||
| 050 | 0 | _aHF5635 .E257 2002 | |
| 082 | 0 | 4 |
_a657.044 _223 |
| 100 | 1 | _aMarriott, Pru. | |
| 245 | 1 | 0 |
_aIntroduction to accounting _h[electronic resource] / _cPru Marriott, J.R. Edwards and H.J. Mellett. |
| 250 | _a3rd ed. | ||
| 260 |
_aLondon : _bSAGE, _cc2002. |
||
| 300 |
_a1 online resource (xiv, 537 p.) : _bill. |
||
| 500 | _aPrevious ed.: published as by J.R. Edwards and H.J. Mellett. London: PCP, 1995. | ||
| 500 | _aIncludes index. | ||
| 520 | 8 | _aThe fully revised and updated third edition provides an introduction to accounting for students. It embraces the basic techniques and underlying theoretical concepts in accounting and shows how these are applied in various circumstances. | |
| 521 | _aSpecialized. | ||
| 588 | _aDescription based on print version record. | ||
| 650 | 0 | _aAccounting. | |
| 655 | 7 |
_aElectronic books. _2local |
|
| 700 | 1 | _aEdwards, J. R. | |
| 700 | 1 | _aMellett, Howard. | |
| 710 | 2 | _aSage eBooks | |
| 776 | 0 | 8 |
_iPrint version : _z9780761970385 |
| 856 | 4 | 0 | _uhttp://ezproxy.alfaisal.edu/login?url=http://sk.sagepub.com/books/introduction-to-accounting-3e |
| 942 |
_2lcc _cEBOOKS |
||
| 999 |
_c480364 _d480364 |
||